000 00704nam a2200289Ia 4500
005 20260324143549.0
008 008 260324s9999 xx 000 0 eng d
020 _a9780203978856
037 _aEBOOK
040 _aCRL
040 _beng
040 _cCRL
041 _2eng
041 _aeng
084 _qCRL
100 _aKrastya Petkov; J E M Thirkell
_91216096
245 0 _aLabour Relations in Eastern Europe
245 0 _bOrganisational Design and Dynamics
260 _bTaylor and Francis
260 _c1991
365 _a
365 _b170
856 _uhttp://www.taylorfrancis.com/books/9780203978856
942 _cEBOOK
999 _c1821642
_d1821642